000
00518nam a2200133Ia 4500
008
100328s9999 xx 000 0 und d
082
_b
55529
100
_a
इंगोले विजया
245
_a
ज्ञानज्योती माई सावित्री फुले
260
_b
---
630
_a
ज्ञानज्योती माई सावित्री फुले
730
_a
ज्ञानज्योती माई सावित्री फुले
942
_c
BOOK
999
_c
542200
_d
542197